Law of contracts in India / (Record no. 40715)

MARC details
000 -LEADER
fixed length control field 00849nam a22002297a 4500
008 - FIXED-LENGTH DATA ELEMENTS--GENERAL INFORMATION
fixed length control field 081212t xxu||||| |||| 00| 0beng d
010 ## - LCCN (DPL NO)
LC control number ENG-99323
020 ## - INTERNATIONAL STANDARD BOOK NUMBER
Terms of availability 895.00
International Standard Book Number 9788132102236
035 ## - SYSTEM CONTROL NUMBER
System control number EN-82855
037 ## - SOURCE OF ACQUISITION
Source of stock number/acquisition DBAD / PUB
040 ## - CATALOGING SOURCE
Original cataloging agency dpl
Language of cataloging English
082 ## - DEWEY DECIMAL CLASSIFICATION NUMBER
Classification number 346.7302
100 ## - MAIN ENTRY--PERSONAL NAME
9 (RLIN) 3724
245 ## - TITLE STATEMENT
Title Law of contracts in India /
Statement of responsibility, etc edited by Sairam Bhat
260 ## - PUBLICATION, DISTRIBUTION, ETC. (IMPRINT)
Place of publication, distribution, etc New Delhi
Name of publisher, distributor, etc Sage Publications
Date of publication, distribution, etc 2009
270 ## - ADDRESS
Address B 1/I-1 Mohan Cooperative Industrial Area Mathura Road,
City New Delhi
Postal code 110044
300 ## - PHYSICAL DESCRIPTION
Extent xxi, 312p.
Dimensions 22cm (Hb)
600 ## - SUBJECT ADDED ENTRY--PERSONAL NAME
Personal name Baba Visakha Singh
General subdivision Biography.
9 (RLIN) 3725
700 ## - ADDED ENTRY--PERSONAL NAME
Personal name Bhat, Sairam
9 (RLIN) 10254
942 ## - ADDED ENTRY ELEMENTS (KOHA)
Source of classification or shelving scheme Dewey Decimal Classification
Item type English Books
Call number suffix LAW
Classification part 346.7302
Holdings
Withdrawn status Lost status Source of classification or shelving scheme Damaged status Not for loan Collection code Home library Current library Date acquired Source of acquisition Cost, normal purchase price Total Checkouts Full call number Barcode Date last seen Copy number Cost, replacement price Koha item type
    Dewey Decimal Classification   Not For Loan Non-fiction D.B.Act.Division D.B.Act.Division 10/08/2010 DBAD/PUB 895.00   346.7302 LAW EN-82855 10/08/2010 1 895.00 English Books

© Delhi Public Library
Hit Counter
free hit counter